[Event "GRE-chT 47th"]
[Site "Patras"]
[Date "2019.07.03"]
[Round "2.5"]
[White "Loukisas, Dimitrios"]
[Black "Gavriilidis, Orestis"]
[Result "1-0"]
[WhiteElo "1898"]
[BlackElo "1906"]
[PlyCount "103"]
[EventDate "2019.07.02"]
[EventType "team-swiss"]
[EventRounds "7"]
[EventCountry "GRE"]
[SourceTitle "CBM 191 Extra"]
[Source "ChessBase"]
[SourceDate "2019.09.30"]
[SourceVersion "1"]
[SourceVersionDate "2019.09.30"]
[SourceQuality "1"]
[WhiteTeam "Heraklion Attica"]
[BlackTeam "Neapolis Sykeon"]
[WhiteTeamCountry "GRE"]
[BlackTeamCountry "GRE"]

1. d4 Nf6 2. c4 g6 3. Nc3 Bg7 4. e4 d6 5. f3 0-0 6. Nge2 c5 7. d5 a6 8. a4 e6 9. Be3 exd5 10. cxd5 Nbd7 11. g4 Ne5 12. Ng3 Qa5 13. Be2 Qb4 14. Qd2 Nc4 15. Bxc4 Qxc4 16. h4 Bxg4 17. fxg4 Nxg4 18. Nd1 Ne5 19. Qe2 Nd3+ 20. Kd2 Nxb2 21. Nxb2 Qc3+ 22. Kd1 Qxb2 23. Qxb2 Bxb2 24. Rb1 Be5 25. Nf1 Rab8 26. Rb6 f5 27. exf5 Rxf5 28. Nd2 Kf7 29. Ke2 Bf4 30. Bxf4 Rxf4 31. Rf1 Re8+ 32. Kd3 Rxf1 33. Nxf1 Re5 34. Rxb7+ Kf6 35. Ne3 Rh5 36. Rb6 Rxh4 37. Rxd6+ Ke7 38. Rxa6 Rd4+ 39. Ke2 h5 40. a5 Ra4 41. Rxg6 Rxa5 42. Rh6 Ra2+ 43. Kd3 Rh2 44. Kc4 Ke8 45. Kxc5 h4 46. Kd6 h3 47. Ke6 Kf8 48. d6 Kg7 49. Nf5+ Kg8 50. d7 Re2+ 51. Kf6 Rd2 52. Ne7+ 1-0

[Event "Sparta ESPPEP-ch op 13th"]
[Site "Sparta"]
[Date "2017.04.01"]
[Round "2.2"]
[White "Loukisas, Dimitrios"]
[Black "Kormas, Georgios"]
[Result "1-0"]
[WhiteElo "1684"]
[BlackElo "1555"]
[PlyCount "181"]
[EventDate "2017.03.31"]
[EventType "swiss"]
[EventRounds "5"]
[EventCountry "GRE"]
[SourceTitle "EXT 2024"]
[Source "ChessBase"]
[SourceDate "2023.10.10"]
[SourceVersion "1"]
[SourceVersionDate "2023.10.10"]
[SourceQuality "1"]

1. d4 d5 2. c4 e6 3. Nc3 Nf6 4. cxd5 exd5 5. Bg5 Be7 6. e3 0-0 7. Bd3 Nbd7 8. Nge2 h6 9. Bh4 Re8 10. 0-0 c6 11. a3 Ne4 12. Bxe7 Qxe7 13. Bxe4 dxe4 14. d5 cxd5 15. Nxd5 Qe5 16. Qd4 Rd8 17. Rfd1 Qxd4 18. Rxd4 Kf8 19. Nc7 Rb8 20. Nc3 b6 21. Rad1 a6 22. Nxe4 Rb7 23. Nxa6 Ra7 24. Nb4 Rc7 25. Nd5 Rc6 26. Nb4 Rc7 27. Nc3 Re8 28. Nb5 Rc5 29. Nd6 Re7 30. Nxc8 Rxc8 31. Nd5 Re6 32. h3 Ne5 33. Nf4 Ree8 34. Nd3 Nc6 35. Rd6 b5 36. Rd5 Re6 37. Nc5 Re7 38. Nd7+ Ke8 39. Rd6 Na5 40. Nb6 Rb8 41. b4 Nb7 42. R6d3 Re6 43. Nd5 Rc6 44. Rd4 Nd8 45. Re4+ Kf8 46. Ne7 Rc3 47. f4 Ne6 48. Nd5 Rxa3 49. h4 Rd8 50. Kh2 g6 51. f5 gxf5 52. Re5 Nc7 53. Rxf5 Nxd5 54. Rdxd5 Rxd5 55. Rxd5 Rxe3 56. Rxb5 Ke7 57. Rb7+ Ke8 58. b5 f5 59. Rb6 h5 60. Rf6 Re5 61. b6 Rb5 62. Rh6 Kf7 63. b7 Kg7 64. Rxh5 Kg6 65. Rh8 Rxb7 66. Rf8 Rb4 67. Kh3 Rb3+ 68. g3 Rb2 69. Rg8+ Kf7 70. Ra8 Kg6 71. Ra6+ Kh5 72. Rf6 Rf2 73. Rf8 Kg6 74. Rb8 Kh6 75. Rb6+ Kh5 76. Rf6 Rf3 77. Kg2 Rb3 78. Rxf5+ Kg6 79. Ra5 Rb2+ 80. Kh3 Rb3 81. h5+ Kh6 82. Kh4 Rb1 83. Ra6+ Kh7 84. g4 Rb5 85. Rc6 Ra5 86. h6 Ra1 87. Kh5 Ra5+ 88. g5 Ra1 89. Rc7+ Kh8 90. Rc8+ Kh7 91. g6# 1-0